| 000 | 00671nam a2200217 a 4500 | ||
|---|---|---|---|
| 005 | 20240919064440.0 | ||
| 008 | 991125s1973 mx 000 0 spa u | ||
| 020 | _a9682505283 | ||
| 035 | _aUPN01000037126 | ||
| 049 | _aCG | ||
| 050 | 4 |
_aHB137 _bT5.48 |
|
| 100 | 1 | _aTintner, Gerhard | |
| 245 | 1 | 0 |
_aMatemática y estadística para economistas / _cGerhard Tintner, Charles B. Millham ; tr. Luis Eugenio Di Marco. |
| 260 |
_aMéxico : _bInteramericana, _c1973. |
||
| 300 | _a453 p. | ||
| 650 | 4 |
_aEconomía _xMetodología _916858 |
|
| 650 | 4 |
_aEconomía matemática _914138 |
|
| 650 | 4 |
_aEstadística _92988 |
|
| 700 | 1 |
_aMillham, Charles B., _ecoaut. |
|
| 905 | _aLibro | ||
| 999 |
_c37126 _d37126 |
||